|
|
|
|
| LEADER |
00000naa a2200000uu 4500 |
| 001 |
vtls011079317 |
| 003 |
SK-MaSNL |
| 005 |
20260302143112.0 |
| 008 |
220810|2011 xo |||||||||||||||||cze| |
| 015 |
|
|
|a SNBRA
|
| 035 |
|
|
|a (urnnbn)urn:nbn:sk:snk:ar-a0ch59
|
| 035 |
|
|
|a (uuid)aaa85cd0-4d43-4f00-bc7d-a1142c261105
|
| 035 |
|
|
|a urn:nbn:sk:snk-aavn75
|
| 040 |
|
|
|a SNKBUCL
|b slo
|c SNKBUCL
|e AACR2
|
| 041 |
0 |
|
|a cze
|
| 044 |
|
|
|a xo
|c SK
|
| 100 |
1 |
|
|a Dolejš, Petr,
|d 1952-
|4 aut
|9 252562
|
| 245 |
1 |
0 |
|a Význam auditu technologických procesů (technologického auditu) pro optimalizaci provozu a přípravu rekonstrukcí úpraven pitné vody
|c Petr Dolejš
|
| 773 |
0 |
|
|t Pitná voda
|d Bratislava : Hydrotechnológia, 2011
|g S. 213-220
|z 9788096997459
|
| 954 |
|
|
|a odborná, vedecká literatúra cudzojazyčná (svetová)
|2 lita
|
| 958 |
|
|
|a OND
|
| 958 |
|
|
|a article12
|
| 958 |
|
|
|a chapter
|
| 999 |
|
|
|c 1342575
|d 1344505
|